| 000 | 00548nam a22001937a 4500 | ||
|---|---|---|---|
| 003 | OSt | ||
| 005 | 20260204082727.0 | ||
| 008 | 260204b |||||||| |||| 00| 0 eng d | ||
| 020 | _a81-8382-097-2. | ||
| 040 |
_aDWC-Main lib _cOC |
||
| 082 | _aCirc. 658.456 J29d 2007 | ||
| 100 | _aJames, Rita | ||
| 245 |
_aDevelop your skills to conduct effective meetings _cRita James |
||
| 260 |
_aNew Delhi : _bLotus Press, _cc2007. |
||
| 300 |
_a130 pages : _c21 cm. |
||
| 650 | _a1. Management. | ||
| 650 | _a2. Meetings. | ||
| 942 |
_2ddc _cBK-CIRC _kCirc. _n0 |
||
| 999 |
_c8275 _d8275 |
||